000 01001nam a22002417a 4500
005 20180305154728.0
010 _aB-689585
020 _c695.00
_a9789351437628
035 _aB-689585
035 _aB-667648
037 _adpl
_bKKP
082 _a345.54
100 _aGaur, K.D.
245 _aTextbook on Indian penal code /
_cby K.D. Gaur
250 _a6th ed
260 _aDelhi
_bUniversal Law Publishing
_c2018
270 _aLexisNexis, 14th Floor, Building No.10, DLF Cyber City, Phase-II
_bGurgaon
_e122002
300 _acxxxvi,1215p.
_c21cm(pbk)
505 _a(Rashtrapati Bhawan)
942 _2ddc
_cEN
_mGAU
_h345.54
999 _c150016
_d150016